006920000a22001930004500090001300000100003600013700003800049700003000087245015600117044001300273041001400286690003600300690003500336690002600371651002000397942001300417773005100430999001700481 aSERIADAS1 aAcosta M., Luis Eduardo91007961 aGarcía R., Oscar Iván91007971 aMendoza H., Delio910079810aHacerlo amanecersuna experiencia participativa en la construccción de procesos de etnodesarrollo con pueblos indígenas en la amazonía colombiana aColombia0 aEspañol aConocimiento tradicional992244 aComunidades indígenas992521 aEtnodesarrollo911825 4lAmazonia992749 cARTICULO1 tRevista colombia amazónicah1q154-171d2008 c16422d16422